Flawless by Neighbourhood - Statistics

General Stats
  • This quiz has been taken 7 times
  • The average score is 237 of 315
Answer Stats
Answer % Correct
a
100%
ahead
100%
are
100%
aren't
100%
be
100%
but
100%
by
100%
didn't
100%
ear
100%
easy
100%
fear
100%
fell
100%
for
100%
he
100%
her
100%
him
100%
i
100%
in
100%
it
100%
it'd
100%
knew
100%
let’s
100%
love
100%
luck
100%
nobody
100%
planned
100%
play
100%
rough
100%
run
100%
said
100%
she
100%
that
100%
the
100%
there
100%
they
100%
to
100%
today
100%
tough
100%
want
100%
was
100%
when
100%
words
100%
year
100%
add
50%
all
50%
and
50%
any
50%
ask
50%
back
50%
bag
50%
better
50%
between
50%
blinded
50%
can
50%
can't
50%
change
50%
could
50%
cry
50%
days
50%
destroy
50%
doll
50%
enough
50%
ever
50%
find
50%
flaw
50%
flawless
50%
flaws
50%
fucked
50%
get
50%
heart
50%
his
50%
i'm
50%
is
50%
just
50%
leave
50%
little
50%
lungs
50%
me
50%
mind
50%
months
50%
my
50%
not
50%
only
50%
problem
50%
put
50%
rattles
50%
sad
50%
say
50%
she's
50%
so
50%
tangled
50%
this
50%
up
50%
us
50%
wait
50%
weeks
50%
with
50%
wouldn't
50%
you
50%
your
50%
you're
50%
shit'll
0%
No matching quizzes found
Score Distribution
Percent of People with Each Score
Percentile by Number Answered
Your Score History
You have not taken this quiz